<?xml version="1.0" encoding="UTF-8"?>
<marc:record xmlns:marc="http://www.loc.gov/MARC21/slim" type="Bibliographic">
   <marc:leader>00000pam a2200000 c 4500</marc:leader>
   <marc:controlfield tag="001">1095677381</marc:controlfield>
   <marc:controlfield tag="003">DE-101</marc:controlfield>
   <marc:controlfield tag="005">20181119152457.0</marc:controlfield>
   <marc:controlfield tag="007">tu</marc:controlfield>
   <marc:controlfield tag="008">160406s2016    gw ||||| |||| 00||||ger  </marc:controlfield>
   <marc:datafield ind1=" " ind2=" " tag="015">
      <marc:subfield code="a">17,A25</marc:subfield>
      <marc:subfield code="z">16,N15</marc:subfield>
      <marc:subfield code="2">dnb</marc:subfield>
   </marc:datafield>
   <marc:datafield ind1="7" ind2=" " tag="016">
      <marc:subfield code="2">DE-101</marc:subfield>
      <marc:subfield code="a">1095677381</marc:subfield>
   </marc:datafield>
   <marc:datafield ind1=" " ind2=" " tag="020">
      <marc:subfield code="a">9783608501605</marc:subfield>
      <marc:subfield code="c">Gewebe : circa EUR 12.40 (AT), circa EUR 12.00 (DE)</marc:subfield>
      <marc:subfield code="9">978-3-608-50160-5</marc:subfield>
   </marc:datafield>
   <marc:datafield ind1=" " ind2=" " tag="020">
      <marc:subfield code="a">3608501606</marc:subfield>
      <marc:subfield code="9">3-608-50160-6</marc:subfield>
   </marc:datafield>
   <marc:datafield ind1="3" ind2=" " tag="024">
      <marc:subfield code="a">9783608501605</marc:subfield>
   </marc:datafield>
   <marc:datafield ind1=" " ind2=" " tag="035">
      <marc:subfield code="a">(DE-599)DNB1095677381</marc:subfield>
   </marc:datafield>
   <marc:datafield ind1=" " ind2=" " tag="035">
      <marc:subfield code="a">(OCoLC)946759916</marc:subfield>
   </marc:datafield>
   <marc:datafield ind1=" " ind2=" " tag="040">
      <marc:subfield code="a">1245</marc:subfield>
      <marc:subfield code="b">ger</marc:subfield>
      <marc:subfield code="c">DE-101</marc:subfield>
      <marc:subfield code="d">1170</marc:subfield>
      <marc:subfield code="e">rda</marc:subfield>
   </marc:datafield>
   <marc:datafield ind1=" " ind2=" " tag="041">
      <marc:subfield code="a">ger</marc:subfield>
   </marc:datafield>
   <marc:datafield ind1=" " ind2=" " tag="044">
      <marc:subfield code="c">XA-DE-BW</marc:subfield>
   </marc:datafield>
   <marc:datafield ind1="0" ind2="4" tag="082">
      <marc:subfield code="8">1\u</marc:subfield>
      <marc:subfield code="a">792.95</marc:subfield>
      <marc:subfield code="q">DE-101</marc:subfield>
      <marc:subfield code="2">22/ger</marc:subfield>
   </marc:datafield>
   <marc:datafield ind1="7" ind2=" " tag="083">
      <marc:subfield code="a">792</marc:subfield>
      <marc:subfield code="q">DE-101</marc:subfield>
      <marc:subfield code="2">23sdnb</marc:subfield>
   </marc:datafield>
   <marc:datafield ind1=" " ind2=" " tag="085">
      <marc:subfield code="8">1\u</marc:subfield>
      <marc:subfield code="b">792.95</marc:subfield>
   </marc:datafield>
   <marc:datafield ind1=" " ind2=" " tag="090">
      <marc:subfield code="a">b</marc:subfield>
   </marc:datafield>
   <marc:datafield ind1="1" ind2=" " tag="100">
      <marc:subfield code="0">(DE-588)1118406524</marc:subfield>
      <marc:subfield code="0">http://d-nb.info/gnd/1118406524</marc:subfield>
      <marc:subfield code="0">(DE-101)1118406524</marc:subfield>
      <marc:subfield code="a">Küveler, Jan</marc:subfield>
      <marc:subfield code="d">1979-</marc:subfield>
      <marc:subfield code="e">Verfasser</marc:subfield>
      <marc:subfield code="4">aut</marc:subfield>
   </marc:datafield>
   <marc:datafield ind1="1" ind2="0" tag="245">
      <marc:subfield code="a">Theater hassen</marc:subfield>
      <marc:subfield code="b">eine dramatische Beziehung</marc:subfield>
      <marc:subfield code="c">Jan Küveler</marc:subfield>
   </marc:datafield>
   <marc:datafield ind1=" " ind2="1" tag="264">
      <marc:subfield code="a">Stuttgart</marc:subfield>
      <marc:subfield code="b">Tropen</marc:subfield>
      <marc:subfield code="c">[2016]</marc:subfield>
   </marc:datafield>
   <marc:datafield ind1=" " ind2=" " tag="300">
      <marc:subfield code="a">159 Seiten</marc:subfield>
      <marc:subfield code="b">20 cm</marc:subfield>
   </marc:datafield>
   <marc:datafield ind1=" " ind2=" " tag="336">
      <marc:subfield code="a">Text</marc:subfield>
      <marc:subfield code="b">txt</marc:subfield>
      <marc:subfield code="2">rdacontent</marc:subfield>
   </marc:datafield>
   <marc:datafield ind1=" " ind2=" " tag="337">
      <marc:subfield code="a">ohne Hilfsmittel zu benutzen</marc:subfield>
      <marc:subfield code="b">n</marc:subfield>
      <marc:subfield code="2">rdamedia</marc:subfield>
   </marc:datafield>
   <marc:datafield ind1=" " ind2=" " tag="338">
      <marc:subfield code="a">Band</marc:subfield>
      <marc:subfield code="b">nc</marc:subfield>
      <marc:subfield code="2">rdacarrier</marc:subfield>
   </marc:datafield>
   <marc:datafield ind1="0" ind2=" " tag="490">
      <marc:subfield code="a">Tropen Sachbuch</marc:subfield>
   </marc:datafield>
   <marc:datafield ind1=" " ind2="7" tag="650">
      <marc:subfield code="0">(DE-588)4059702-7</marc:subfield>
      <marc:subfield code="0">http://d-nb.info/gnd/4059702-7</marc:subfield>
      <marc:subfield code="0">(DE-101)040597024</marc:subfield>
      <marc:subfield code="a">Theater</marc:subfield>
      <marc:subfield code="2">gnd</marc:subfield>
   </marc:datafield>
   <marc:datafield ind1=" " ind2="7" tag="650">
      <marc:subfield code="0">(DE-588)4027223-0</marc:subfield>
      <marc:subfield code="0">http://d-nb.info/gnd/4027223-0</marc:subfield>
      <marc:subfield code="0">(DE-101)040272230</marc:subfield>
      <marc:subfield code="a">Inszenierung</marc:subfield>
      <marc:subfield code="2">gnd</marc:subfield>
   </marc:datafield>
   <marc:datafield ind1=" " ind2=" " tag="653">
      <marc:subfield code="a">(Produktform)Hardback</marc:subfield>
   </marc:datafield>
   <marc:datafield ind1=" " ind2=" " tag="653">
      <marc:subfield code="a">Polemik</marc:subfield>
   </marc:datafield>
   <marc:datafield ind1=" " ind2=" " tag="653">
      <marc:subfield code="a">Regietheater</marc:subfield>
   </marc:datafield>
   <marc:datafield ind1=" " ind2=" " tag="653">
      <marc:subfield code="a">Theater</marc:subfield>
   </marc:datafield>
   <marc:datafield ind1=" " ind2=" " tag="653">
      <marc:subfield code="a">(VLB-WN)1960: Hardcover, Softcover / Sachbücher/Musik, Film, Theater</marc:subfield>
   </marc:datafield>
   <marc:datafield ind1="0" ind2="0" tag="689">
      <marc:subfield code="0">(DE-588)4059702-7</marc:subfield>
      <marc:subfield code="0">http://d-nb.info/gnd/4059702-7</marc:subfield>
      <marc:subfield code="0">(DE-101)040597024</marc:subfield>
      <marc:subfield code="D">s</marc:subfield>
      <marc:subfield code="a">Theater</marc:subfield>
   </marc:datafield>
   <marc:datafield ind1="0" ind2="1" tag="689">
      <marc:subfield code="0">(DE-588)4027223-0</marc:subfield>
      <marc:subfield code="0">http://d-nb.info/gnd/4027223-0</marc:subfield>
      <marc:subfield code="0">(DE-101)040272230</marc:subfield>
      <marc:subfield code="D">s</marc:subfield>
      <marc:subfield code="a">Inszenierung</marc:subfield>
   </marc:datafield>
   <marc:datafield ind1="0" ind2=" " tag="689">
      <marc:subfield code="5">DE-101</marc:subfield>
      <marc:subfield code="5">DE-101</marc:subfield>
   </marc:datafield>
   <marc:datafield ind1="1" ind2=" " tag="700">
      <marc:subfield code="a">Rissler, Julia</marc:subfield>
      <marc:subfield code="e">Buchgestalter</marc:subfield>
      <marc:subfield code="4">bkd</marc:subfield>
   </marc:datafield>
   <marc:datafield ind1="1" ind2=" " tag="700">
      <marc:subfield code="0">(DE-588)132937964</marc:subfield>
      <marc:subfield code="0">http://d-nb.info/gnd/132937964</marc:subfield>
      <marc:subfield code="0">(DE-101)132937964</marc:subfield>
      <marc:subfield code="a">Ising, Tom</marc:subfield>
      <marc:subfield code="e">Buchgestalter</marc:subfield>
      <marc:subfield code="4">bkd</marc:subfield>
   </marc:datafield>
   <marc:datafield ind1="2" ind2=" " tag="710">
      <marc:subfield code="0">(DE-588)16170344-6</marc:subfield>
      <marc:subfield code="0">http://d-nb.info/gnd/16170344-6</marc:subfield>
      <marc:subfield code="0">(DE-101)1014654726</marc:subfield>
      <marc:subfield code="a">CPI Books</marc:subfield>
      <marc:subfield code="g">Leck; Ulm</marc:subfield>
      <marc:subfield code="e">Drucker</marc:subfield>
      <marc:subfield code="4">prt</marc:subfield>
      <marc:subfield code="e">Buchbinder</marc:subfield>
      <marc:subfield code="4">bnd</marc:subfield>
   </marc:datafield>
   <marc:datafield ind1="2" ind2=" " tag="710">
      <marc:subfield code="0">(DE-588)1065527934</marc:subfield>
      <marc:subfield code="0">http://d-nb.info/gnd/1065527934</marc:subfield>
      <marc:subfield code="0">(DE-101)1065527934</marc:subfield>
      <marc:subfield code="a">Tropen-Verlag Label von Klett-Cotta J.G. Cotta'sche Buchhandlung</marc:subfield>
      <marc:subfield code="e">Verlag</marc:subfield>
      <marc:subfield code="4">pbl</marc:subfield>
   </marc:datafield>
   <marc:datafield ind1="0" ind2="8" tag="776">
      <marc:subfield code="i">Erscheint auch als</marc:subfield>
      <marc:subfield code="n">Online-Ausgabe</marc:subfield>
      <marc:subfield code="a">Küveler, Jan</marc:subfield>
      <marc:subfield code="t">Theater hassen</marc:subfield>
      <marc:subfield code="d">Stuttgart : Tropen, 2016</marc:subfield>
      <marc:subfield code="h">Online-Ressource, Einband Seidenüberzug  mit Goldprägung</marc:subfield>
      <marc:subfield code="w">(DE-101)1113573775</marc:subfield>
      <marc:subfield code="b">1. Aufl.</marc:subfield>
   </marc:datafield>
   <marc:datafield ind1=" " ind2=" " tag="850">
      <marc:subfield code="a">DE-101a</marc:subfield>
      <marc:subfield code="a">DE-101b</marc:subfield>
   </marc:datafield>
   <marc:datafield ind1="4" ind2="2" tag="856">
      <marc:subfield code="m">B:DE-101</marc:subfield>
      <marc:subfield code="q">application/pdf</marc:subfield>
      <marc:subfield code="u">http://d-nb.info/1095677381/04</marc:subfield>
      <marc:subfield code="3">Inhaltsverzeichnis</marc:subfield>
   </marc:datafield>
   <marc:datafield ind1="r" ind2=" " tag="925">
      <marc:subfield code="a">ra</marc:subfield>
   </marc:datafield>
</marc:record>
